000 00509nam a2200169Ia 4500
008 231217s9999 xx 000 0 und d
020 _a8177589636
041 _aEnglish
082 _a001.64404 GRE;1 R
100 _aGregg, Michael. Kim, David.
245 0 _aInside network security assessment : guarding your IT infrastructure
260 _c2006
_bDorling Kindersley
_aNew Delhi
300 _ax, 293
300 _cCD4897
650 _aInside,network,assessment,guarding,infrastructure
942 _cAA
999 _c187361
_d187361